000 01076cam a2200301 a 4500
999 _c8820
_d8820
001 15294213
003 GBCCL
005 20241126110659.0
008 080508s2009 nyubf d 001 0 eng
010 _a 2008020687
020 _a9780385512299 (hbk.) : $45.00
020 _a0385512295 (hbk.) : $45.00
035 _a(OCoLC)ocn228631682
040 _aDLC
_cDLC
_dYDX
_dBTCTA
_dOCP
_dGK5
_dYDXCP
_dVP@
_dBWX
_dDLC
050 0 0 _aBS440
_b.H23 2009
082 0 0 _a220.3
_222
_bCAT
245 0 0 _aCatholic Bible dictionary /
_cgeneral editor, Scott Hahn.
250 _a1st ed.
260 _aNew York :
_bDoubleday,
_cc2009.
300 _axvi, 992 p., [8] p. of plates :
_bcol. maps ;
_c25 cm.
500 _aIncludes index.
610 2 0 _aCatholic Church
_xDoctrines.
_92007
630 0 0 _aBible
_vDictionaries.
_91814
700 1 _aHahn, Scott.
_915513
906 _a7
_bcbc
_corignew
_d1
_eecip
_f20
_gy-gencatlg
942 _2ddc
_cREF